000 00879nam a2200265 a 4500
001 19040
003 BD-RjUL
005 20211209000357.0
008 140223r19631903stk 001 0 eng d
035 _a(BD-RjUL)19098
035 _a(BD-RjUL)19098
040 _aHDC
_cHDC
_dm.c
_dDGW
_dBD-RjUL
_beng
041 _aeng
082 _aEIG 1963
245 0 0 _aEighteenth century essays on Shakespeare /
_cedited by D. Nichol Smith.
260 _aGlasgow :
_bJ. Maclehose and Sons,
_c1903 [Reprinted 1963]
300 _alxiii, 358 p. :
_c23 cm.
600 1 0 _aShakespeare, William,
_d1564-1616.
_958688
600 1 0 _aShakespeare, William,
_d1564-1616
_xAppreciation.
_958689
600 1 0 _aShakespeare, William,
_d1564-1616
_xCriticism and interpretation.
_958690
700 1 _aSmith, David Nichol,
_d1875-1962.
_952827
942 _2ddc
_cBK
999 _c19040
_d19040